La mortalidad infantil (Record no. 179612)
[ view plain ]
| 000 -LEADER | |
|---|---|
| campo de control de longitud fija | 00857nam a22002171 4500 |
| 001 - NÚMERO DE CONTROL | |
| campo de control | 179612 |
| 003 - IDENTIFICADOR DE NÚMERO DE CONTROL | |
| campo de control | ES-MaACL |
| 005 - FECHA Y HORA DE LA ÚLTIMA TRANSACCIÓN | |
| campo de control | 20250730024617.0 |
| 008 - DATOS DE LONGITUD FIJA--INFORMACIÓN GENERAL | |
| campo de control de longitud fija | 111226s1917 sp |||| | spa d |
| 100 1# - ENTRADA PRINCIPAL--NOMBRE DE PERSONA | |
| Nombre de persona | Loste Echeto, Lorenzo. |
| 9 (RLIN) | 74289 |
| 245 13 - MENCIÓN DEL TÍTULO | |
| Título | La mortalidad infantil |
| Resto del título | : causas que determinan su excesiva proporción: medios de disminuirla / |
| Mención de responsabilidad, etc. | por Lorenzo Loste. |
| 260 ## - PUBLICACIÓN, DISTRIBUCIÓN, ETC. | |
| Lugar de publicación, distribución, etc. | Madrid : |
| Nombre del editor, distribuidor, etc. | Sociedad Española de Higiene, |
| Fecha de publicación, distribución, etc. | 1917. |
| 300 ## - DESCRIPCIÓN FÍSICA | |
| Extensión | 56 p. ; |
| Dimensiones | 21 cm. |
| 490 1# - MENCIÓN DE SERIE | |
| Mención de serie | Legado Roel: Colección de Memorias Premiadas ; |
| Designación de volumen o secuencia | n. 21 |
| 500 ## - NOTA GENERAL | |
| Nota general | Concurso de 1916-1917. |
| 650 #4 - PUNTO DE ACCESO ADICIONAL DE MATERIA--TÉRMINO DE MATERIA | |
| Término de materia o nombre geográfico como elemento de entrada | Niños- |
| Subdivisión general | Mortalidad. |
| 9 (RLIN) | 136600 |
| 710 2# - ENTRADA AGREGADA--NOMBRE DE ENTIDAD CORPORATIVA | |
| Nombre de entidad corporativa o nombre de jurisdicción como elemento de entrada | Sociedad Española de Higiene. |
| 9 (RLIN) | 6725 |
| 830 00 - PUNTO DE ACCESO ADICIONAL DE SERIE-TÍTULO UNIFORME | |
| Título uniforme | Legado Roel: Colección de memorias premiadas |
| Designación de volumen o secuencia | n. 21 |
| 9 (RLIN) | 183286 |
| 852 ## - LOCALIZACIÓN | |
| Ubicación | ES-MaACL |
| Número de control de estantería | C-8171(16) |
| Nota libre | .- Encuadernado con otras obras |
| Estatus retirado | Estado de pérdida | Estado de daño | No para préstamo | Biblioteca de origen | Biblioteca actual | Ubicación en estantería | Fecha de adquisición | Fuente de adquisición | Total de préstamos | Signatura topográfica completa | Código de barras | Visto por última vez | Precio de reemplazo | Tipo de ítem Koha |
|---|---|---|---|---|---|---|---|---|---|---|---|---|---|---|
| Biblioteca del Ateneo de Madrid | Biblioteca del Ateneo de Madrid | Sala Palomar | 26/12/2011 | C-8171(16) | 1188686 | 23/02/2023 | 23/02/2023 | Libro impreso |
